00588cam a22001571 450000100100000000500170001000800410002704000250006810000460009324500760013926000690021530000180028450000340030250000230033650000710035900003932420201002031610.0860306s1992 sp 000 0 spa  aDO-SdBNPbspacBNPHU1 aMenendez y Pelayo, Marcelino,d1856-1912.10aHistoria de los heterodoxos españoles /cMarcelino Menendez y Pelayo. aMadrid, :bConsejo Superiorior de Investigación Científicas. a3v. ;c22 cm. aLa biblioteca posee el v. 1-3 aEdición Fascimil aIncluye referencias bibliográficas y notas al pie de las paginas